LEADER 01491nam--2200421---450- 001 990000781950203316 005 20100618115812.0 035 $a0078195 035 $aUSA010078195 035 $a(ALEPH)000078195USA01 035 $a0078195 100 $a20011130d1966----km-y0itay0103----ba 101 $aita 102 $aIT 105 $a||||||||001yy 200 1 $aCristianesimo e storia$eRiflessioni sul pensiero di S. Paolo, intorno ad alcuni fondamentali aspetti della vita sociale$fRuggero 210 $aPadova$cCEDAM$d1966 215 $a179 p.$d25 cm 225 2 $aPubblicazioni$fdella Facoltà di giurisprudenza dell'Università di Padova 410 $12001$aPubblicazioni$fdella Facoltà di giurisprudenza dell'Università di Padova 461 1$1001-------$12001 606 0 $aCristianesimo e vita sociale 606 0 $aPaolo $xConcezione dell'uomo 606 0 $aPaolo $xConcezione del matrimonio 606 0$aPaolo $xConcezione dello Stato 676 $a261.6 700 1$aMENEGHELLI,$bRuggiero$0550360 801 0$aIT$bsalbc$gISBD 912 $a990000781950203316 951 $aXXX.A. Coll. 128/ 30 (X 14 I 46)$b18827 G$cXXX.A. Coll. 128/ 30 (X 14 I)$d00271366 959 $aBK 969 $aGIU 979 $aPATTY$b90$c20011130$lUSA01$h1113 979 $c20020403$lUSA01$h1725 979 $aPATRY$b90$c20040406$lUSA01$h1654 979 $aRSIAV4$b90$c20100618$lUSA01$h1158 996 $aCristianesimo e storia$9965399 997 $aUNISA LEADER 01525oam 2200397 450 001 9910703732903321 005 20150630090155.0 035 $a(CKB)5470000002434394 035 $a(OCoLC)912398718 035 $a(OCoLC)995470000002434394 035 $a(EXLCZ)995470000002434394 100 $a20150630d2015 ua 0 101 0 $aeng 135 $aurmn||||||||| 181 $2rdacontent 182 $2rdamedia 183 $2rdacarrier 200 10$aEPA regions have considered environmental justice when targeting facilities for air toxics inspections /$fU.S. Environmental Protection Agency, Office of the Inspector General 210 1$a[Washington, D.C.] :$cU.S. Environmental Protection Agency, Office of Inspector General,$d2015. 215 $a1 online resource (12 pages) $ccolor map 225 1 $aReport ;$v15-P-0101 300 $aTitle from title screen (viewed June 29, 2015). 300 $a"February 26, 2015." 517 3 $aEnvironmental Protection Agency regions have considered environmental justice when targeting facilities for air toxics inspections 517 1 $aAir quality 606 $aEnvironmental justice$zUnited States 606 $aAir$xPollution$zUnited States 615 0$aEnvironmental justice 615 0$aAir$xPollution 801 0$bGPO 801 1$bGPO 801 2$bGPO 906 $aBOOK 912 $a9910703732903321 996 $aEPA regions have considered environmental justice when targeting facilities for air toxics inspections$93164818 997 $aUNINA